Introduction à l'analyse du roman (notice n° 1567175)

détails MARC
000 -LEADER
fixed length control field 01257cam a2200133 4500500
005 - DATE AND TIME OF LATEST TRANSACTION
control field 20251214002559.0
041 ## - LANGUAGE CODE
Language code of text/sound track or separate title fre
042 ## - AUTHENTICATION CODE
Authentication code dc
100 10 - MAIN ENTRY--PERSONAL NAME
Personal name Reuter, Yves
Relator term author
245 00 - TITLE STATEMENT
Title Introduction à l'analyse du roman
260 ## - PUBLICATION, DISTRIBUTION, ETC.
Name of publisher, distributor, etc. Armand Colin,<br/>
Date of publication, distribution, etc. 2016.<br/>
520 ## - SUMMARY, ETC.
Summary, etc. Multiplicité et diversité des romans suscitent souvent chez les étudiants un certain « désarroi méthodologique ». Existe-t-il des notions ou des démarches, claires et transférables, susceptibles de les aider dans l’analyse, quel que soit le texte considéré ? Cet ouvrage tente de répondre à cette préoccupation au moyen de la narratologie, qui étudie l’organisation interne des écrits, met en lumière les points communs à partir desquels s’élaborent les différences et fournit des instruments descriptifs et utilisables dans les cadres interprétatifs les plus divers. Après un rappel historique des mutations du roman, chacun des chapitres de la partie méthodologique expose les notions essentielles en s’appuyant sur des exemples et en proposant des applications et une bibliographie précise sur le thème traité.
856 41 - ELECTRONIC LOCATION AND ACCESS
Uniform Resource Identifier <a href="https://shs.cairn.info/introduction-a-l-analyse-du-roman--9782200616809?lang=fr&redirect-ssocas=7080">https://shs.cairn.info/introduction-a-l-analyse-du-roman--9782200616809?lang=fr&redirect-ssocas=7080</a>

Pas d'exemplaire disponible.

PLUDOC

PLUDOC est la plateforme unique et centralisée de gestion des bibliothèques physiques et numériques de Guinée administré par le CEDUST. Elle est la plus grande base de données de ressources documentaires pour les Étudiants, Enseignants chercheurs et Chercheurs de Guinée.

Adresse

627 919 101/664 919 101

25 boulevard du commerce
Kaloum, Conakry, Guinée

Réseaux sociaux

Powered by Netsen Group @ 2025